Creep by san - ATEEZ - Statistics

General Stats
  • This quiz has been taken 8 times
    7 since last reset
  • The average score is 141 of 288
Answer Stats
Hint Answer % Correct
a
100%
i
100%
like
100%
creep
75%
it
75%
you
75%
your
75%
and
50%
attention
50%
breath
50%
call
50%
command
50%
each
50%
echo
50%
feel
50%
girl
50%
hearing
50%
(we all know he didnt say hide) *hide*
50%
im
50%
its
50%
keep
50%
know
50%
love
50%
me
50%
no
50%
(stolen breath) nothing
50%
off
50%
on
50%
repeat
50%
said
50%
silent
50%
(silent call) stolen
50%
the
50%
these
50%
(echo off these walls) walls
50%
what
50%
whisper
50%
words
50%
yeah
50%
4:05
25%
all
25%
another
25%
are
25%
as
25%
away
25%
better
25%
but
25%
cause
25%
cocktail
25%
control
25%
day
25%
detail
25%
every
25%
everything
25%
fade
25%
feeling
25%
give
25%
got
25%
heat
25%
ill
25%
into
25%
juicing
25%
just
25%
kinda
25%
lose
25%
make
25%
makes
25%
matters
25%
meet
25%
move
25%
need
25%
needs
25%
night
25%
(nothing said) nobody
25%
now
25%
other
25%
our
25%
over
25%
overheat
25%
panic
25%
(push and pull) pull
25%
(taking turns) push
25%
secrets
25%
see
25%
show
25%
side
25%
special
25%
stay
25%
steps
25%
take
25%
taking
25%
that
25%
to
25%
touch
25%
turns
25%
up
25%
wanna
25%
want
25%
way
25%
we
25%
when
25%
youre
25%
apart
0%
mind
0%
speaking
0%
thats
0%
No matching quizzes found
Score Distribution
Percent of People with Each Score
Percentile by Number Answered
Your Score History
You have not taken this quiz since the last reset